Exploremos el sonido /
Guardado en:
| Autor Principal: | |
|---|---|
| Formato: | Libro |
| Publicado: |
Buenos Aires :
Ricordi,
1986
|
| Materias: | |
| Etiquetas: |
Agregar Etiqueta
Sin Etiquetas, Sea el primero en etiquetar este registro!
|
| LEADER | 00878nam a22001935a 4500 | ||
|---|---|---|---|
| 001 | CEM.cems010471 | ||
| 005 | 20080515105916.0 | ||
| 008 | 130507s1986##################000#0#####d | ||
| 003 | CEMS | ||
| 020 | |a 9502202724 | ||
| 082 | 0 | 4 | |a 534 |
| 100 | 1 | |a Vivanco, Pepa | |
| 245 | 1 | 0 | |a Exploremos el sonido / |c Pepa Vivanco |
| 260 | |a Buenos Aires : |b Ricordi, |c 1986 | ||
| 300 | |a 63 p. | ||
| 505 | 0 | |a Parte I: La materia sonora --Acercamiento a los sonidos -- Fuentes sonoras -- Altura -- Intensidad -- Duración y relaciones de tiempo -- Timbre -- Superposición de sonidos -- Dinámica -- Especialización -- Transmisión -- Parte II -- Climas expresivos -- El instrumental, acciones y reacciones -- Interacciones grupales -- Reglas de juego -- Lectura y escritura -- Nociones de acústica | |
| 653 | |a Música | ||
| 653 | |a Sonido | ||
| 859 | |a CEMS |b BIB. CEMS - 11 de abril |h 534 |i V836 |p 20903.00 |t Ej.1 | ||
